Gazelles in Services: What Are the Specifics of Existence Slovakia?

Identifikácia pozície mladých dynamických podnikov v službách v rámci ich sektorového pôsobenia a definovanie ich charakteristických čŕt vzhľadom na intenzitu znalostí ich produkcie.

Na minha lista:
Detalhes bibliográficos
Autor principal: Kubičková, Viera, 1970-
Outros Autores: Krošláková, Monika, 1975-, Michálková, Anna, 1968-, Benešová, Dana, 1958-
Formato: Capítulo de Livro
Idioma:inglês
Assuntos:
Tags: Adicionar Tag
Sem tags, seja o primeiro a adicionar uma tag!

MARC

LEADER 00000nla a2200000 4500
001 0247741
005 20251016112613.3
041 0 |a eng 
044 |a RO 
245 1 0 |a Gazelles in Services: What Are the Specifics of Existence Slovakia?  |c Viera Kubičková, Monika Krošláková, Anna Michálková, Dana Benešová 
520 |a Identifikácia pozície mladých dynamických podnikov v službách v rámci ich sektorového pôsobenia a definovanie ich charakteristických čŕt vzhľadom na intenzitu znalostí ich produkcie. 
610 2 0 |a gazela 
610 2 0 |a stratégia inovačná 
610 2 0 |a služby poznatkovo intenzívne 
610 2 0 |a podnik 
610 2 0 |a marketing 
100 1 |a Kubičková, Viera, 1970- 
700 1 |a Krošláková, Monika, 1975- 
700 1 |a Michálková, Anna, 1968- 
700 1 |a Benešová, Dana, 1958-